000 00719nam a2200193 a 4500
001 000020523
005 20200930011125.0
008 100322s1998 sp a 000 0 spa d
020 _a8495178095
040 _aDO-SdBNP
_bspa
_cBNPHU
082 _axxxx
_bxxx
245 0 4 _aLos materiales especiales en las bibliotecas /
_ccoordinado y dirigido por Carmen Díez Carrera ; prólogo Luis Alberto de Cuenta.
260 _aEspaña :
_bTrea,
_c1998.
300 _a470 p. ; :
_bil. ;
_c23 cm.
490 0 _aBiblioteconomía y administración cultural
_v22
700 1 _aDíez Carrera, Carmen
_ecoord.
_943243
700 1 _aCuenca, Luis Alberto de
_eprol.
_943244
830 0 _aBiblioteconomía y administración cultural
_n22
_943245
999 _c20027
_d20027